000 00528nam a22001937a 4500
005 20150320140541.0
008 150320b xxu||||| |||| 00| 0 eng d
020 _a8183530362
_c90.00
040 _aLoreto College
041 _aEnglish
082 _a822.1
_bSHR
100 _aShrivastava, Rita
245 _aFirst book of poems for tiny schoolers
_bAge-4 to 94 years
_cRita Shrivastava
260 _aNew Delhi
_bScholars Hub
_c2004
300 _avi, 90p.
_b21cm.
650 _aEnglish Poems
850 _aLCBED
942 _cBK
999 _c39845
_d90324